000
00365nam a2200169Ia 4500
100
_a
Yunus/Muhammad
650
_a
General
942
_c
BK
366
_f
17.5
654
_a
poverty
245
_a
Creating a world without poverty
260
_b
Public Affairs
_a
New York
_c
2007
082
_a
339.46/YUN
_b
YUN
300
_a
261
546
_a
ENGLISH
999
_c
27333
_d
27333